Normal view
MARC view
Entry Personal Name
001 - CONTROL NUMBER
- control field: 1237782
003 - CONTROL NUMBER IDENTIFIER
- control field: OSt
005 - DATE AND TIME OF LATEST TRANSACTION
- control field: 20260430150531.0
008 - FIXED-LENGTH DATA ELEMENTS
- fixed length control field: 260430|| aca||aabn | a|a d
040 ## - CATALOGING SOURCE
- Original cataloging agency: OSt
- Transcribing agency: OSt
100 ## - HEADING--PERSONAL NAME
- Personal name: Suman Saurabh Au.; Pandey Bindhy Wasini
670 ## - SOURCE DATA FOUND
- Source citation: Work cat.: (OSt)1850016: Suman Saurabh Au.; Pandey Bindhy Wasini, Livelihood Vulnerability and Resilience to Natural Hazards in Rudraprayag District, Uttarakhand, 2024
